Responses for Show #6517 - Tuesday, January 8, 2013

Ashok Poozhikunnel game 4.

Contestants

[<< previous game]

Lee Ann Roberts, a homemaker from Albuquerque, New Mexico

Matt Ruprecht, an actuary from Hamilton, New Jersey

Ashok Poozhikunnel, an underwriter from Wheaton, Illinois (whose 3-day cash winnings total $65,602)

[next game >>]

Jeopardy! Round responses

GUINNESS RECORDS
THE 6 NEW ENGLAND STATES
IT'S MATTHEW PERRY
HOCKEY TALK?
DOUBLE-ZERO YEARS
WEB CEREALS
    $200 6
a cigar

Matt
    $200 1
Maine

Lee Ann
    $200 17
Chandler (Bing)

Lee Ann
    $200 16
the check

Lee Ann
    $200 11
1900

Lee Ann
    $200 22
Count Chocula

Matt
    $400 7
a rollercoaster

Lee Ann
    $400 2
Vermont

Ashok
    $400 18
(Matt: What is the Spanish-American War?)

the Mexican War

MattLee Ann
    $400 27
icing

Matt
    $400 12
1600

Ashok
    $400 23
Lucky Charms

Ashok
    $600 8
a t-shirt

Matt
    $1,000 3
Massachusetts and Connecticut

Ashok
    $600 19
The West Wing

Ashok
    $600 28
(Wolfgang) Puck

Triple Stumper
    $600 13
1800

Lee Ann
    $600 24
Cap'n Crunch

Lee Ann
    $800 9
a marathon

Lee Ann
    $800 4
New Hampshire

Ashok
    $800 20
Japan

Ashok
    $800 29
net

Matt
    $800 14
1100

Ashok
    $800 25
Raisin Bran

Ashok
    $1000 10
a train

Matt
    $1000 5
Rhode Island

Ashok
    $1000 21
Go On

Lee Ann
    $1000 30
(Alex: [*] is right, and Jimmy's gonna lose that one every time, believe me.)

face off

Matt
    $1000 15
1500

Ashok
    $1000 26
Cheerios

Ashok

Scores at the first commercial break (after clue 15):

Ashok Matt Lee Ann
$5,400 $1,800 $2,200

Scores at the end of the Jeopardy! Round:

Ashok Matt Lee Ann
$9,000 $3,800 $4,600

Double Jeopardy! Round responses

MOVIE JOBS
DIRECTOR
EDITOR
WARDROBE
EXTRAS
BEST "BOY"
    $400 1
The Matrix

Ashok
    $400 16
Microsoft

Matt
    $400 24
Fitzgerald

Lee Ann
    $400 6
the bikini

Matt
    $400 11
a Siamese

Lee Ann
    $400 13
tomboy

Matt
    $800 2
Indiana Jones

Lee Ann
    $800 19
Dick Cheney

Lee Ann
    $6,000 27
Ralph Ellison

Ashok
    $800 7
a cocktail dress

Matt
    $800 12
the Liberty Bell

Matt
    $800 14
choirboy

Matt
    $1200 3
Up in the Air

Ashok
    $3,000 20
Coca-Cola

Lee Ann
    $1200 28
Lewis & Clark

Ashok
    $1200 8
camouflage

Matt
    $1200 21
Alabama

Lee Ann
    $1200 15
homeboy

Lee Ann
    $1600 4
Fight Club

Matt
    $1600 25
General Electric

Matt
    $1600 29
the Pledge of Allegiance

Ashok
    $1600 9
GUESS

Lee Ann
    $1600 22
Lichtenstein

Matt
    $1600 17
a playboy

Matt
    $2000 5
a psychiatrist

Lee Ann
    $2000 26
Dell

Ashok
    $2000 30
(Carson) McCullers

Lee Ann
    $2000 10
a henley

Matt
    $2000 23
Mt. Holyoke

Triple Stumper
    $2000 18
a doughboy

Matt

Scores at the end of the Double Jeopardy! Round:

Ashok Matt Lee Ann
$21,400 $19,000 $18,000

[wagering suggestions for these scores]

Final Jeopardy! Round responses

PRESIDENTIAL DISTINCTIONS
(Alex: [To Ashok] No, the man who replaced Herbert Hoover this past September--[*]--31 years and counting.)
Lee AnnWho is Ford?
$17,999
MattWho was Herbert Hoover?
$19,000
AshokWho is Teddy Roosevelt?
$18,000
Jimmy Carter

Final scores:

Ashok Matt Lee Ann
$3,400 $0 $1
4-day champion: $69,002 3rd place: $1,000 2nd place: $2,000

Game dynamics:

Coryat scores:

Ashok Matt Lee Ann
$15,800 $19,000 $16,200
18 R
(including 2 DDs),
0 W
20 R,
1 W
20 R
(including 1 DD),
0 W

Combined Coryat: $51,000

[game clues] [game scores] [suggest correction]

Game tape date: 2012-10-15
The J! Archive is created by fans, for fans. Scraping, republication, monetization, and malicious use prohibited; this site may use cookies and collect identifying information. See terms. The Jeopardy! game show and all elements thereof, including but not limited to copyright and trademark thereto, are the property of Jeopardy Productions, Inc. and are protected under law. This website is not affiliated with, sponsored by, or operated by Jeopardy Productions, Inc. Join the discussion at JBoard.tv.